| 000 | 00966cam a22003137a 4500 | ||
|---|---|---|---|
| 003 | CHAP | ||
| 005 | 20220329133802.0 | ||
| 008 | 971013s1979 r 00010 d | ||
| 010 | _a10859 | ||
| 011 | _a11831 | ||
| 035 | _a11248 | ||
| 040 | _cCHAP | ||
| 082 | 0 | 4 |
_a301 _bM37y |
| 100 | 0 | 0 |
_aMartindale, Don. _971655 |
| 245 | 1 | 3 |
_aLa teoría sociológica _b: naturaleza y escuelas _c/por Don Martindale |
| 260 |
_aMadrid : _bAguilar, _c1979 |
||
| 300 | _a355 p. | ||
| 490 | 0 | _aBiblioteca de Ciencias Sociales | |
| 590 |
_aBATCH-UPD _b10 _c20130110 _lUCH01 _h0946 |
||
| 590 |
_aBATCH-UPD _b10 _c20130410 _lUCH01 _h0602 |
||
| 590 |
_aBATCH-UPD _b10 _c20130914 _lUCH01 _h1026 |
||
| 590 |
_aCONVERSION _b10 _c20130109 _lUCH01 _h1307 |
||
| 650 | 0 | 4 |
_aConducta (Psicología) _926343 |
| 650 | 0 | 4 |
_aSociología. _9108197 |
| 830 | 0 |
_aBiblioteca de Ciencias Sociales _912278 |
|
| 901 | _aBK | ||
| 942 | _cLIBRO | ||
| 949 |
_a301 M37Y _bBC _cLIBRO _d-146396 _eLIBRO _h43586 _i11248 _si |
||
| 999 |
_c10859 _d10859 |
||